| 000 | 00584nam a2200169Ia 4500 | ||
|---|---|---|---|
| 003 | GCL | ||
| 008 | 140319s9999 xx 000 0 ara d | ||
| 040 |
_aGCL / _cGCL |
||
| 082 | 0 | 4 |
_a791.43 _bس ح |
| 100 | 1 | _aسمير فريد | |
| 245 | 1 | 0 |
_aحلقة البحث الاولى التشريعات السينمائية فى الوطن العربى . / _cسمير فريد |
| 260 |
_aالقاهرة : _bالاتحاد العام للفنانين العرب ، _c1991 |
||
| 300 |
_a317 ص ؛ _c26 سم |
||
| 650 | 0 | 4 | _aالسينما |
| 650 | 0 | 4 | _aتاريخ ونقد |
| 942 |
_2ddc _cBK |
||
| 999 |
_c35706 _d35706 |
||